El tesoro de los saberes olvidados
Salvato in:
| Autore principale: | |
|---|---|
| Natura: | Libro |
| Lingua: | spagnolo |
| Pubblicazione: |
Barcelona
Península
1999
|
| Serie: | Ficciones
|
| Soggetti: | |
| Tags: |
Aggiungi Tag
Nessun Tag, puoi essere il primo ad aggiungerne!!
|
MARC
| LEADER | 00000nam a2200000 a 4500 | ||
|---|---|---|---|
| 001 | UCN7856 | ||
| 003 | CL-VaPUC | ||
| 008 | 011026e19991000SP |||||||||||||||||spa|d | ||
| 082 | 0 | 4 | |a 153.123 |b ROM |2 21 |
| 100 | 0 | |a Romilly, Jacqueline de |e author |9 464029 | |
| 245 | 1 | 3 | |a El tesoro de los saberes olvidados |
| 300 | |a 205 p | ||
| 942 | |c BK | ||
| 945 | |d 20011026 00:00:00 |a cmena | ||
| 260 | |a Barcelona |b Península |c 1999 | ||
| 650 | 0 | |a Procesos mentales superiores |9 330839 | |
| 650 | 0 | |a Cognición |9 270347 | |
| 650 | 0 | |a Memoria |9 266549 | |
| 650 | 0 | |a Adquisición del conocimiento |9 464030 | |
| 650 | 0 | |a Valores morales |9 310604 | |
| 583 | |a last modification |c 20011026 00:00:00 |k Rodrigo Vera | ||
| 490 | 0 | |a Ficciones | |
| 999 | |c 298049 |d 298047 | ||
| 952 | |0 0 |1 0 |4 0 |6 153_123000000000000_ROM_1999 |7 0 |8 A |9 353380 |a BIBHIS |b BIBHIS |d 2019-11-21 |i 3765237 |o 153.123 ROM 1999 |p 3765237 |r 2025-01-20 |w 2019-11-21 |y BK |k HIS | ||